Apache server: Unleashed (Record no. 167558)

MARC details
000 -LEADER
fixed length control field 00409nam a2200157Ia 4500
008 - FIXED-LENGTH DATA ELEMENTS--GENERAL INFORMATION
fixed length control field 231217s9999 xx 000 0 und d
041 ## - LANGUAGE CODE
Language code of text/sound track or separate title English
082 ## - DEWEY DECIMAL CLASSIFICATION NUMBER
Classification number 001.64404 BOW;1 `R'
100 ## - MAIN ENTRY--PERSONAL NAME
Personal name Bowen, Rich Co Bowen,Rich Coar,Ken etc
245 #0 - TITLE STATEMENT
Title Apache server: Unleashed
250 ## - EDITION STATEMENT
Edition statement 1st ed.
260 ## - PUBLICATION, DISTRIBUTION, ETC.
Date of publication, distribution, etc. 2000
Name of publisher, distributor, etc. Mumbai : Shroff,
300 ## - PHYSICAL DESCRIPTION
Extent XVI+620
650 ## - SUBJECT ADDED ENTRY--TOPICAL TERM
Topical term or geographic name entry element Apache server
942 ## - ADDED ENTRY ELEMENTS (KOHA)
Koha item type Books
Holdings
Date last seen Total checkouts Full call number Accession number Cost, total (INR) price Price effective from Category Lost status Damaged status Department Withdrawn status Home library Current library Entry date Vendor Cost, normal purchase price Grants Billnumber Billdate Currency symbol Conversion rate Discount Old discount
26/01/2024   001.64404 BOW;1 `R' 16847 254.15 26/01/2024 Books     Central Library   Central Library Central Library 16/01/2001 Sai Books 299.00 CS 1075 23/12/2003 RS 1 44.85 15
26/01/2024   001.64404 BOW;2 `R' 16848 254.15 26/01/2024 Books     Central Library   Central Library Central Library 16/01/2001 Sai Books 299.00 CS 1075 23/12/2003 RS 1 44.85 15

© For any Suggestions or Query, please contact the library staff @ librarian@pes.edu or Phone: +9180 2672 1983/ 2108.